Определение термодинамических параметров хлората натрия в диапазоне температур 298-520 К; Современное состояние и проблемы естественных наук

Bibliographic Details
Parent link:Современное состояние и проблемы естественных наук.— 2015.— [С. 78-80]
Main Author: Литвиненко В. В.
Corporate Author: Национальный исследовательский Томский политехнический университет (ТПУ) Юргинский технологический институт (филиал) (ЮТИ) Кафедра естественного научного образования (ЕНО)
Other Authors: Соболева Э. Г. Эльвира Гомеровна
Summary:Заглавие с титульного экрана
Language:Russian
Published: 2015
Series:Актуальные проблемы физики
Subjects:
Online Access:http://earchive.tpu.ru/handle/11683/19845
http://www.lib.tpu.ru/fulltext/c/2015/C68/024.pdf
Format: Electronic Book Chapter
KOHA link:https://koha.lib.tpu.ru/cgi-bin/koha/opac-detail.pl?biblionumber=613498

MARC

LEADER 00000naa2a2200000 4500
001 613498
005 20231102023427.0
035 |a (RuTPU)RU\TPU\conf\11643 
035 |a RU\TPU\conf\11642 
090 |a 613498 
100 |a 20150817d2015 k y0rusy50 ca 
101 0 |a rus 
102 |a RU 
105 |a y z 101zy 
135 |a drgn ---uucaa 
181 0 |a i  
182 0 |a b 
200 1 |a Определение термодинамических параметров хлората натрия в диапазоне температур 298-520 К  |f В. В. Литвиненко, Э. Г. Соболева 
203 |a Текст  |c электронный 
225 1 |a Актуальные проблемы физики 
230 |a 1 компьютерный файл (pdf; 267 Кб) 
300 |a Заглавие с титульного экрана 
320 |a [Библиогр.: с. 80 (6 назв.)] 
337 |a Adobe Reader 
463 0 |0 (RuTPU)RU\TPU\conf\11633  |t Современное состояние и проблемы естественных наук  |o сборник трудов II Всероссийской научно-практической конференции молодых ученых, аспирантов и студентов, г. Юрга, 4-5 июня 2015 г.  |f Национальный исследовательский Томский политехнический университет (ТПУ), Юргинский технологический институт (филиал) (ЮТИ), Кафедра естественного научного образования (ЕНО) ; ред кол. О. Б. Березовская [и др.]  |v [С. 78-80]  |d 2015 
610 1 |a труды учёных ТПУ 
610 1 |a электронный ресурс 
610 1 |a термодинамические параметры 
610 1 |a хлорат натрия 
610 1 |a кристаллы 
610 1 |a лазеры 
610 1 |a пьезоэлектрики 
700 1 |a Литвиненко  |b В. В. 
701 1 |a Соболева  |b Э. Г.  |c физик  |c доцент Юргинского технологического института (филиала) Томского политехнического университета, кандидат физико-математических наук  |f 1976-  |g Эльвира Гомеровна  |2 stltpush  |3 (RuTPU)RU\TPU\pers\27511  |9 12752 
712 0 2 |a Национальный исследовательский Томский политехнический университет (ТПУ)  |b Юргинский технологический институт (филиал) (ЮТИ)  |b Кафедра естественного научного образования (ЕНО)  |h 7134  |2 stltpush  |3 (RuTPU)RU\TPU\col\18894 
801 2 |a RU  |b 63413507  |c 20210216  |g RCR 
856 4 |u http://earchive.tpu.ru/handle/11683/19845 
856 4 |u http://www.lib.tpu.ru/fulltext/c/2015/C68/024.pdf 
942 |c BK